000 00716nam a2200265 i 4500
001 C2-0105592
003 PPAK
005 20180727101532.0
008 970609s1994 my a|||| ||||| | may d
020 _a9839736264
040 _aPPAK
_beng
_cPPAK
_erda
082 0 4 _a899.233
_223
090 0 0 _a899.233
_bZUL
_dK
100 0 _aZulkifli Baharin,
_eauthor
245 1 0 _aKorban tahun baru
264 1 _aKuala Lumpur :
_bProgressive ,
_c1994
300 _a20 pages :
_billustrations ;
_c28 cm
336 _2rdacontent
_atext
337 _2rdamedia
_aunmediated
338 _2rdacarrier
_avolume
490 1 _aBacalah sayang
650 1 0 _aChildren's stories, Malay
830 0 _aBacalah sayang
942 _ddc
_cB
999 _c25505
_d25505